Представление документа в формате MARC21

Поле Инд. ПП Название Значение
Тип записи a
Библиографический уровень m
001 Контрольный номер bdd0c3f320334edaa2b67cdcf9660aa8
005 Дата корректировки 20250627145704.8
008 Кодируемые данные 20200803
022 0_ a ISSN 0321-1878
041 0_ a Код языка текста rus
084 a Индекс другой классификации/Индекс ББК 84(2=411.2)6; 84(4Эст)6; 84(4Укр)6; 63.3(2)6; 83.3(2); 85.143; 87.3(2)6
090 a Полочн. индекс 95.2
099 a Индекс 42215
245 10 a Заглавие Звезда
n Номер части/ раздела №6/2020
b Продолж. заглавия ежемесячный литературно-художественный и общественно-политический независимый журнал
c Ответственность учредитель: ООО "Журнал "Звезда"; ген. директор Я. А. Гордин
260 c Дата издания 2020
b Издательство Звезда
a Место издания Санкт-Петербург
300 a Объем 288 с.
500 a Примечание Журнал
505 0_ a Форматированное содержание Песнь узника
b Автор Глинка Ф. Н.
n Доп. информация Стихи
505 0_ a Форматированное содержание Майские оды 2020
b Автор Машевский А. Г.
n Доп. информация Стихи
505 0_ a Форматированное содержание Новелла о бесполезной любви
b Автор Прозоров И. А.
n Доп. информация Рассказ
505 0_ a Форматированное содержание Стихи
b Автор Ямпольский В.
505 0_ a Форматированное содержание Стихи
b Автор Крюков В. М.
505 0_ a Форматированное содержание Реакция отчуждения
b Автор Полюга М. Ю.
n Доп. информация Повесть
505 0_ a Форматированное содержание Стихи
b Автор Поланд В.
505 0_ a Форматированное содержание Дневник. 1943-1945
b Автор Новиков Н.
n Доп. информация Фрагменты.
505 0_ a Форматированное содержание O sole mio!
b Автор Ноткин Г.
n Доп. информация Повседневная жизнь в Италии времен Муссолини
505 0_ a Форматированное содержание Радость бытия
b Автор Ямбург Е. А.
505 0_ a Форматированное содержание Сближения
b Автор Слепухин С. В.
505 0_ a Форматированное содержание Чапский, Пруст, Ахматова и другие
b Автор Дьяконова К. К.
505 0_ a Форматированное содержание "Так ведь наши..."
b Автор Щеглова Е. П.
n Доп. информация "Зулейха" Гузель Яхиной: книга, фильм
505 0_ a Форматированное содержание После четвертого сюжета
b Автор Скульская Е. Г.
505 0_ a Форматированное содержание Золотое, как небо, Al (Artificial Intelligentce)
b Автор Смирнов И.
505 0_ a Форматированное содержание Приют для добрых душ
b Автор Карасти Р.
n Доп. информация *Прогулка по Охте" Льва Васильева
505 0_ a Форматированное содержание Отложенное безумие
b Автор Мелихов А.
600 14 a Персоналии Новиков Николай Васильевич
a Персоналии Акутагава Рюноскэ
a Персоналии Муссолини Бенито
a Персоналии Чапский Юзеф
a Персоналии Венус Георгий Давыдович
650 04 a Основная рубрика художественная литература; литературоведение
653 0_ a Ключевые слова "Зулейха открывает глаза"
a Ключевые слова "Царь Эдип"
a Ключевые слова XIX век
a Ключевые слова XX век
a Ключевые слова XXI век
a Ключевые слова Великая Отечественная война 1941-1945
a Ключевые слова дипломатия
a Ключевые слова живопись
a Ключевые слова инфантилизм
a Ключевые слова история
a Ключевые слова Италия
a Ключевые слова литературная критика
a Ключевые слова переписка
a Ключевые слова поэзия
a Ключевые слова праздники
a Ключевые слова просвещение
a Ключевые слова развлекательная культура
a Ключевые слова рифма
a Ключевые слова русская литература
a Ключевые слова русская поэзия
a Ключевые слова словесность
a Ключевые слова украинская литература
a Ключевые слова фашизм
a Ключевые слова философия
a Ключевые слова эссеистика
a Ключевые слова эстонская литература
a Ключевые слова японская литература
655 a Жанр/ форма (устаревшее) стихотворение
a Жанр/ форма (устаревшее) рассказ
a Жанр/ форма (устаревшее) дневник
a Жанр/ форма (устаревшее) эссе
a Жанр/ форма (устаревшее) проза
a Жанр/ форма (устаревшее) повесть
700 12 a Автор Глинка Ф. Н.
q Полное имя Глинка Федор Николаевич
700 12 a Автор Машевский А. Г.
q Полное имя Машевский Алексей Геннадьевич
700 12 a Автор Прозоров И. А.
q Полное имя Прозоров Илья Андреевич
700 12 a Автор Ямпольский В.
q Полное имя Ямпольский Вадим
700 12 a Автор Крюков В. М.
q Полное имя Крюков Владимир Михайлович
700 12 a Автор Полюга М. Ю.
q Полное имя Полюга Михаил Юрьевич
700 12 a Автор Поланд В.
q Полное имя Поланд Валерий
700 12 a Автор Новиков Н.
q Полное имя Новиков Николай
700 12 a Автор Лисицына Г.
e Роль лиц автор предисловия
q Полное имя Лисицына Галина
700 12 a Автор Ноткин Г.
q Полное имя Ноткин Герберт
700 12 a Автор Ямбург Е. А.
q Полное имя Ямбург Евгений Александрович
700 12 a Автор Слепухин С. В.
q Полное имя Слепухин Сергей Викторович
700 12 a Автор Дьяконова К. К.
q Полное имя Дьяконова Ксения Константиновна
700 12 a Автор Щеглова Е. П.
q Полное имя Щеглова Евгения Петровна
700 12 a Автор Скульская Е. Г.
q Полное имя Скульская Елена Григорьевна
700 12 a Автор Смирнов И.
q Полное имя Смирнов Игорь
700 12 a Автор Карасти Р.
q Полное имя Карасти Рейн
700 12 a Автор Мелихов А.
q Полное имя Мелихов Александр
773 18 w Контрольный № источника RU/IS/BASE/408119542
901 t Тип документа s
952 a Тип литературы для КСУ ВШ ЛХЖ
991 s 6